000 00695nam a2200193 a 4500
001 000889272
003 AM-YEHGA
005 20250617163845.0
008 120504s1962 ru r 000 0 rus d
040 _aAM-YeHGA
041 0 _arus
100 1 _aМатеев-Мотин, Алексей Степанович
245 1 0 _aПрирост, производительность и продуктивность леса /
_cА.С. Матеев-Мотин.
260 _aМ.;
_aЛ. :
_bГослесбумиздат,
_c1962.
300 _a118 с. :
_bтабл. ;
_c21 см.
504 _aБиблиогр. с. : 113-116
650 1 4 _aТаблицы лесоматериалов
090 _c517501
999 _c513979
_d513979